000 00358 a2200157 4500
001 61592
020 _a9788510051118
040 _cAnchieta - Pituba
100 _aBorges, Clarice
240 1 0 _aTempo de geografia, 7º ano
_lpor
245 1 0 _aTempo de geografia, 7º ano
300 _a304
362 0 _a2011
650 4 _aGeografia e viagens
942 _cBK
999 _c61592
_d61592